000 00515nam a2200181 a 4500
005 20140310183545.0
008 111025s19uu xx 00 eng d
020 _a1429201479
050 _aQD 75.22
_b.H368 2009
100 _aHarris, Daniel C.
245 _aExploring chemical analysis /
_cDaniel C. Harris.
250 _a4th ed.
260 _aNew York :
_bW.H. Freeman and Company,
_c2009.
300 _a623 p. :
_bill. ;
_c26 cm.
650 _aChemistry, Analytic
942 _cBK
_2lcc
_kFOR
999 _c24857
_d24857